000 01133nam a2200301 i 4500
001 015541024
003 EG-ScBUE
005 20241013085443.0
008 100422r20032011enka f b f000 0 eng d
020 _a9780521168748 (pbk.)
020 _a0521168740 (pbk.)
040 _aStDuBDS
_beng
_erda
_cStDuBDS
_dEG-ScBUE
082 0 4 _a515.35
_222
_bINS
245 0 0 _aInside out :
_binverse problems and applications /
_cedited by Gunther Uhlmann, University of Washington.
250 _aFirst paperback edition.
264 1 _aCambridge, United Kingdom ;
_aNew York, United States :
_bCambridge University Press,
_c2011.
300 _axii, 400 pages :
_billustrations ;
_c24 cm.
336 _2rdacontent
_atext
_btxt
337 _aunmediated
_2rdamedia
_bn
338 _avolume
_bnc
_2rdacarrier
490 0 _aMathematical sciences research institute publications ;
_v47
504 _aIncludes bibliographical references.
650 7 _aInverse problems (Differential equations)
_2BUEsh
_936947
653 _bENGELC
_cJanuary2015
655 _vReading book
_934232
700 1 _aUhlmann, Gunther,
_d1952-
_936948
_eeditor.
942 _2ddc
_cBB
999 _c18882
_d18854